The IMF's Reserves Template and Nominal Exchange Rate Volatility /

The effects of the adoption of the IMF's International Reserves and Foreign Currency Liquidity Data Template on nominal exchange rate volatility are investigated for 48 countries. Estimation of panel data models indicates that nominal exchange rate volatility decreases following dissemination o...

Ful tanımlama

Detaylı Bibliyografya
Yazar: Gonzalez-Garcia, Jesus
Diğer Yazarlar: Cady, John
Materyal Türü: Dergi
Dil:English
Baskı/Yayın Bilgisi: Washington, D.C. : International Monetary Fund, 2006.
Seri Bilgileri:IMF Working Papers; Working Paper ; No. 2006/274
Online Erişim:Full text available on IMF
LEADER 01527cas a2200253 a 4500
001 AALejournalIMF009174
008 230101c9999 xx r poo 0 0eng d
020 |c 5.00 USD 
020 |z 9781451865349 
022 |a 1018-5941 
040 |a BD-DhAAL  |c BD-DhAAL 
100 1 |a Gonzalez-Garcia, Jesus. 
245 1 4 |a The IMF's Reserves Template and Nominal Exchange Rate Volatility /  |c Jesus Gonzalez-Garcia, John Cady. 
264 1 |a Washington, D.C. :  |b International Monetary Fund,  |c 2006. 
300 |a 1 online resource (22 pages) 
490 1 |a IMF Working Papers 
500 |a <strong>Off-Campus Access:</strong> No User ID or Password Required 
500 |a <strong>On-Campus Access:</strong> No User ID or Password Required 
506 |a Electronic access restricted to authorized BRAC University faculty, staff and students 
520 3 |a The effects of the adoption of the IMF's International Reserves and Foreign Currency Liquidity Data Template on nominal exchange rate volatility are investigated for 48 countries. Estimation of panel data models indicates that nominal exchange rate volatility decreases following dissemination of reserves template data while the effects of indebtedness and reserve adequacy on volatility exhibit statistically significant changes. 
538 |a Mode of access: Internet 
700 1 |a Cady, John. 
830 0 |a IMF Working Papers; Working Paper ;  |v No. 2006/274 
856 4 0 |z Full text available on IMF  |u http://elibrary.imf.org/view/journals/001/2006/274/001.2006.issue-274-en.xml  |z IMF e-Library